000 00629nam a2200253Ia 4500
001 Z_3479
003 CHAP
005 20221108102416.0
008 220113s1995 xx 000 0 und d
010 _a166593
040 _cCHAP
082 _aC 636.0894 F4
110 1 _939428
_aFAO
245 _aAnuario de sanidad animal /
_cpor FAO
260 _aRoma :
_bFAO,
_c1995
300 _a279 p. ; cuads.
503 _a209163, 218462
650 _aVeterinaria
_xAnuarios I. Organización Mundial de la Salud
_9140663
901 _aC 636.0894 F4
902 _aA
910 _a1995
942 _cLIBRO
_2ddc
942 _2ddc
999 _c166593
_d166593